| 000 | 00992nam a22002055i 4500 | ||
|---|---|---|---|
| 001 | 102853 | ||
| 003 | ES-MaACL | ||
| 005 | 20230906183212.0 | ||
| 007 | t| | ||
| 008 | 950928s1893 sp ||||1| spa d | ||
| 040 |
_aCAM _bspa _cCAM |
||
| 100 | 1 |
_aRoca i Ferreras, Josep-Narcís. _997997 |
|
| 245 | 1 | 0 |
_aGalería de catalanes ilustres / _cbreves apuntes biográficos de José Narciso Roca y Ferreras ; publicada por Antonio Esplugas. |
| 260 |
_aBarcelona : _b[s.n.], _c[1893?] ( _fTip. de Luis Tasso) |
||
| 300 |
_a168 p. : _bil. ; _c33 cm. |
||
| 505 | 8 | _aCapmany-Viladomat-Güell-Gimbernat-Fontanella-Claris-Balmes-Juan Fivaller-Pablo Piferrer-Francisco Vicente García-Buenaventura-Carlos Aribau-Monturiol-Ramón Muntaner-Damián Campeny-Manso-Luis de Requesens-Juan Prim-Moncada-Salvá y Campillo-San Raimundo de Peñafort-Mila y Fontanls-Ramón Berenguer I el Viejo | |
| 650 | 0 | 4 |
_aCatalanes- _xBiografías. _910836 |
| 700 | 0 |
_aEsplugas, Antonio. _947934 |
|
| 852 |
_aES-MaACL _jF-486 |
||
| 999 |
_c102853 _d102853 |
||